000 00704nam a2200193Ia 4500
008 151121s9999||||xx |||||||||||||| ||und||
082 _a080/टिळक
082 _bHNW-40938
100 _aटिळक ज। श्री।
245 _aसमग्र लोक मान्य टिळक खं-6
260 _b"केसरी प्रकाशन, पुणे।"
260 _c--
300 _a1254
600 _aटिळक ज। श्री।
630 _aसमग्र लोक मान्य टिळक खं-6
700 _aटिळक ज। श्री।
730 _aसमग्र लोक मान्य टिळक खं-6
942 _cBOOK
999 _c1230202
_d1230199